Buy liberty bonds.

Poster showing silhouette portrait of Abraham Lincoln with a quote from him.

Bibliographic Details
Format: Government Document Photo
Language:English
Published: [New York] : [American Litographic Co.], [1918]
Subjects:
Online Access:https://purl.fdlp.gov/GPO/gpo51877

MARC

Tag First Indicator Second Indicator Subfields
LEADER 00000ckm a2200000 i 4500
001 in00003499430
005 20211120172623.0
006 m o d f
007 cr bn|||||||||
007 kk cz|||||||||
008 140910s1918 nyunnn fo ineng c
035 |a (OCoLC)ocn890321772 
042 |a pcc 
043 |a n-us--- 
040 |a GPO  |b eng  |e rda  |e pn  |c GPO  |d GPO  |d MvI 
049 |a WWW 
074 |a 9999 (online) 
086 0 |a T 1.25/7:12-A 
245 0 0 |a Buy liberty bonds. 
264 1 |a [New York] :  |b [American Litographic Co.],  |c [1918] 
264 2 |a [Washington, District of Columbia] :  |b [United States Department of the Treasury, Publicity Bureau] 
300 |a 1 online resource (1 poster) :  |b color 
336 |a still image  |b sti  |2 rdacontent 
337 |a computer  |b c  |2 rdamedia 
338 |a online resource  |b cr  |2 rdacarrier 
500 |a Title from title screen (viewed Aug. 25, 2014). 
500 |a Publication pre-dates Federal Depository Library Program (FDLP) item numbers. No FDLP item number has been assigned. 
500 |a "'That government of the people, by the people, for the people shall not perish from the earth.' A. Lincoln." 
520 |a Poster showing silhouette portrait of Abraham Lincoln with a quote from him. 
600 1 0 |a Lincoln, Abraham,  |d 1809-1865  |v Posters. 
650 0 |a World War, 1914-1918  |x Economic aspects  |z United States  |v Posters. 
650 0 |a Liberty bonds  |z United States  |v Posters. 
650 0 |a World War, 1914-1918  |x Economic aspects  |z United States. 
650 0 |a Savings bonds  |z United States. 
710 1 |a United States.  |b War Loan Organization.  |b Publicity Bureau,  |e issuing body. 
776 0 8 |i Print version:  |t Buy Liberty Bonds  |w (DLC) 2002707407  |w (OCoLC)10306481 
856 4 0 |u https://purl.fdlp.gov/GPO/gpo51877  |t 0 
999 f f |s 22c1231c-e8a4-31dc-9d4b-a95ae8faa718  |i bddebd5e-371f-3794-9d96-28f62f2a52ea  |t 0 
952 f f |a Texas A&M University  |b College Station  |c Electronic Resources  |d Available Online  |t 0  |e T 1.25/7:12-A  |h Superintendent of Documents classification 
998 f f |a T 1.25/7:12-A  |t 0  |l Available Online